Canción de Navidad / (Registro nro. 3630)

Detalles MARC
000 -CABECERA
Longitud fija campo de control 00838cam a22002537i 4500
003 - • IDENTIFICADOR DELl NÚMERO DE CONTROL
Identificador del número de control CO-ViMGA
005 - • FECHA Y HORA DE LA ÚLTIMA TRANSACCIÓN
Fecha y hora de la última transacción 20230915234538.0
008 - • CÓDIGOS DE INFORMACIÓN DE LONGITUD FIJA
Códigos de información de longitud fija 100720s2010 sp a | |||| 000 1 spa
020 ## - • NÚMERO INTERNACIONAL NORMALIZADO PARA LIBROS
Número Internacional Normalizado para Libros (ISBN) 9789978809563
040 ## - FUENTE DE LA CATALOGACIÓN
Centro catalogador de origen CO-ViMGA
Lengua de catalogación spa
Centro transcriptor CO-ViMGA
041 1# - • CÓDIGO DE LENGUA
Código de lengua original eng
082 04 - • NÚMERO DE LA CLASIFICACIÓN DECIMAL DEWEY
Número de clasificación (R) 823
Número del ítem D41c
100 1# - • PUNTO DE ACCESO PRINCIPAL-NOMBRE DE PERSONA
Nombre de persona Dickens, Charles
Fechas asociadas al nombre 1812-1870
240 12 - • TÍTULO UNIFORME
Título uniforme <a href="A Christmas carol">A Christmas carol</a>
245 10 - • TITULO PROPIAMENTE DICHO
Título Canción de Navidad /
Medio [Texto impreso]
Mención de responsabilidad, etc. Charles Dickens ; traducción y notas, Santiago R. Santerbs ; presentación y apéndice, Luis Rafael ; ilustración, Enrique Flores
250 ## - • MENCI&Oacute;N DE EDICI&Oacute;N
Mención de edición 1® ed.
300 ## - • DESCRIPCI&Oacute;N F&Iacute;SICA
Extensión 156 p.
Otras características físicas il.
Dimensiones 20 cm.
490 0# - • MENCI&Oacute;N DE SERIE
Mención de serie Tus libros. Selección
Designación de volumen o secuencia 60
700 1# - • PUNTO DE ACCESO ADICIONAL - NOMBRE DE PERSONA
Nombre de persona Flores, Enrique
Fechas asociadas al nombre 1967-
700 1# - • PUNTO DE ACCESO ADICIONAL - NOMBRE DE PERSONA
Nombre de persona Santerbs, Santiago R.
Fechas asociadas al nombre 1937-
942 ## - ENTRADA DE ELEMENTOS AGREGADOS (KOHA)
Fuente de clasificaión o esquema Dewey Decimal Classification
Koha [por defecto] tipo de item LIbro
Existencias
Perdido Fuente de clasificaci&oacute;n o esquema Estado Físico No para pr&eacute;stamo Forma de adquisición Localizaci&oacute;n permanente Localizaci&oacute;n actual Fecha adquisici&oacute;n Pr&eacute;stamos totales Signatura completa C&oacute;digo de barras Fecha &uacute;ltima consulta Fecha &uacute;ltimo pr&eacute;stamo Fecha del precio de reemplazo Tipo de item de Koha
  Dewey Decimal Classification     Sala General Segundo Piso Biblioteca Pública Germán Arciniegas - Villavicencio Biblioteca Pública Germán Arciniegas - Villavicencio 05/23/2017 1 823 D41c 032170 09/07/2022 08/31/2022 05/23/2017 LIbro









Instituto Departamental de Cultura del Meta - Red Departamental de Bibliotecas Públicas del Meta.